[Event "SR 2. liga A 2012/2013"]
[Site "?"]
[Date "2013.02.16"]
[Round "48.1"]
[White "Kovacocy, Pavel"]
[Black "Csiba, Dominik"]
[Result "1/2-1/2"]
[WhiteElo "2221"]
[BlackElo "2376"]
[PlyCount "145"]
[EventDate "2012.??.??"]
[WhiteTeam "Trnava B"]
[BlackTeam "D. Streda B"]

1. e4 c5 2. d3 Nc6 3. g3 g6 4. Bg2 Bg7 5. f4 e6 6. Nf3 d5 7. e5 Nge7 8. O-O Nf5
9. Re1 b5 10. c3 Qb6 11. Na3 h5 12. Nc2 Bb7 13. d4 Bf8 14. Be3 a5 15. Bf2 b4
16. Rb1 Ba6 17. h3 Be7 18. g4 hxg4 19. hxg4 Nh4 20. Nxh4 Bxh4 21. Qd2 cxd4 22.
cxd4 Bxf2+ 23. Kxf2 Kd7 24. Kg3 Rac8 25. Re3 Qd8 26. Rh1 Rxh1 27. Bxh1 Qb6 28.
Bg2 Rh8 29. Bh3 Kc7 30. f5 gxf5 31. gxf5 Kb8 32. f6 Qd8 33. a3 Qg8+ 34. Kf2 Qg5
35. Bg2 Qf4+ 36. Kg1 Qh2+ 37. Kf2 Rg8 38. Ne1 Qf4+ 39. Kg1 Nxd4 40. axb4 Rg3
41. Rd3 Rxd3 42. Qxf4 Ne2+ 43. Kh2 Nxf4 44. Nxd3 Nxd3 45. bxa5 Nxe5 46. Kg3 Nd7
47. Kf4 Nxf6 48. Ke5 Ne4 49. Bf3 Kc7 50. Bh5 Nd6 51. b4 Kd7 52. Bd1 Ke7 53. Kd4
Ne4 54. Ba4 e5+ 55. Kxe5 Nc3 56. Bb3 f5 57. Kd4 Ne2+ 58. Kc5 Nc3 59. Kd4 Ne2+
60. Kc5 f4 61. Bxd5 Kd7 62. Bf3 Kc7 63. Bg4 Ng3 64. b5 Bc8 65. Bf3 Bb7 66. Bg4
f3 67. a6 f2 68. Bh3 Ba8 69. b6+ Kb8 70. b7 Bxb7 71. axb7 Kxb7 72. Kd4 f1=Q 73.
Bxf1 1/2-1/2

[Event "SR 2. liga A 2012/2013"]
[Site "?"]
[Date "2013.02.16"]
[Round "48.2"]
[White "Varga, David"]
[Black "Drtina, Milan"]
[Result "1/2-1/2"]
[WhiteElo "2289"]
[BlackElo "2202"]
[PlyCount "117"]
[EventDate "2012.??.??"]
[WhiteTeam "D. Streda B"]
[BlackTeam "Trnava B"]

1. e4 e5 2. Nf3 Nc6 3. Bb5 a6 4. Ba4 Nf6 5. O-O Be7 6. Re1 b5 7. Bb3 d6 8. c3
Na5 9. d4 Nxb3 10. Qxb3 Be6 11. Qc2 Nd7 12. h3 c6 13. Rd1 f6 14. a4 O-O 15. Be3
Qc7 16. Nbd2 Kh8 17. Nf1 Qb7 18. Ng3 bxa4 19. c4 Qb3 20. Qxb3 axb3 21. d5 cxd5
22. cxd5 Bg8 23. Nf5 Rfe8 24. Nxe7 Rxe7 25. Nd2 f5 26. f3 Nf6 27. Rdc1 h6 28.
Rc6 fxe4 29. fxe4 Nxe4 30. Ra5 Nxd2 31. Bxd2 e4 32. Kf2 e3+ 33. Bxe3 Rf8+ 34.
Ke2 Re5 35. Kd2 Rxd5+ 36. Rxd5 Bxd5 37. Rxd6 Bxg2 38. h4 Bf1 39. Bd4 Kg8 40.
Rg6 Rf7 41. Kc3 Rd7 42. Rg1 Bh3 43. Ra1 Rd6 44. Rg1 g6 45. Be5 Re6 46. Kd4 Bf5
47. Rg3 Rb6 48. Kc5 Rb7 49. Bc3 Kf7 50. Bd2 Rc7+ 51. Kb4 Be6 52. Rf3+ Ke8 53.
Rf6 Bf7 54. Rf4 Rc2 55. Re4+ Kd7 56. Rd4+ Kc6 57. Ka3 h5 58. Bg5 Rf2 59. Rf4
1/2-1/2

[Event "SR 2. liga A 2012/2013"]
[Site "?"]
[Date "2013.02.16"]
[Round "48.3"]
[White "Arendas, Marek"]
[Black "Takacs, Laszlo"]
[Result "1/2-1/2"]
[WhiteElo "2085"]
[BlackElo "2134"]
[PlyCount "75"]
[EventDate "2012.??.??"]
[WhiteTeam "Trnava B"]
[BlackTeam "D. Streda B"]

1. e4 c5 2. Nf3 e6 3. c4 Nc6 4. Nc3 Nf6 5. d4 cxd4 6. Nxd4 Bb4 7. Nxc6 bxc6 8.
Bd2 Qc7 9. a3 Bd6 10. Bd3 O-O 11. Qe2 Rb8 12. Rb1 a5 13. g3 Bc5 14. e5 Ne8 15.
Ne4 Bd4 16. Ng5 g6 17. O-O Bxe5 18. Nf3 Bg7 19. c5 d6 20. cxd6 Nxd6 21. b4 axb4
22. axb4 e5 23. Ng5 Nf5 24. Rfc1 Nd4 25. Qd1 Qe7 26. Ne4 Bf5 27. g4 Be6 28. b5
Qh4 29. f3 cxb5 30. Bg5 Qh3 31. Ng3 Nxf3+ 32. Qxf3 Bxg4 33. Qg2 Qxg2+ 34. Kxg2
h6 35. Be7 Rfe8 36. Bd6 Rbd8 37. Bxb5 Re6 38. Bb4 1/2-1/2

[Event "SR 2. liga A 2012/2013"]
[Site "?"]
[Date "2013.02.16"]
[Round "48.4"]
[White "Jablonicky, Frantisek"]
[Black "Doucha, Ludvik"]
[Result "1-0"]
[WhiteElo "2173"]
[BlackElo "2072"]
[PlyCount "79"]
[EventDate "2012.??.??"]
[WhiteTeam "D. Streda B"]
[BlackTeam "Trnava B"]

1. Nf3 Nf6 2. d4 e6 3. c4 b6 4. a3 Bb7 5. Nc3 Be7 6. d5 O-O 7. e4 exd5 8. cxd5
d6 9. Bd3 Nbd7 10. O-O Nc5 11. Bc2 a5 12. Nd4 Re8 13. Re1 Nfd7 14. Be3 Bf6 15.
f4 g6 16. Qf3 Bg7 17. Rad1 Nf6 18. Bf2 Nfd7 19. g4 a4 20. Nc6 Qc8 21. h3 Bxc6
22. dxc6 Nb8 23. e5 dxe5 24. fxe5 Qe6 25. Nb5 Nba6 26. Bd4 Rad8 27. Bc3 Rxd1
28. Bxd1 Qc4 29. Be2 Qe4 30. Qxe4 Nxe4 31. Nd6 cxd6 32. Bxa6 Nxc3 33. c7 Nd5
34. c8=Q Rxc8 35. Bxc8 Bxe5 36. Re4 b5 37. Bd7 Bxb2 38. Bxb5 Bxa3 39. Rxa4 Bc5+
40. Kg2 {cas} 1-0

[Event "SR 2. liga A 2012/2013"]
[Site "?"]
[Date "2013.02.16"]
[Round "48.5"]
[White "Liptak, Dusan"]
[Black "Blaho, Stefan"]
[Result "1-0"]
[WhiteElo "2060"]
[BlackElo "2134"]
[PlyCount "37"]
[EventDate "2012.??.??"]
[WhiteTeam "Trnava B"]
[BlackTeam "D. Streda B"]

1. Nf3 d5 2. c4 d4 3. e3 c5 4. b4 cxb4 5. Nxd4 e6 6. Bb2 Nf6 7. Nf3 a5 8. d4 a4
9. Qd3 a3 10. Bc1 b6 11. e4 Bb7 12. Nbd2 Na6 13. e5 Ng4 14. Ne4 h5 15. Bg5 f6
16. exf6 gxf6 17. Nxf6+ Kf7 18. Nxg4 hxg4 19. Ne5+ 1-0

[Event "SR 2. liga A 2012/2013"]
[Site "?"]
[Date "2013.02.16"]
[Round "48.6"]
[White "Rachela, Jozef"]
[Black "Puchart, Vladimir"]
[Result "1/2-1/2"]
[WhiteElo "2093"]
[BlackElo "2051"]
[PlyCount "38"]
[EventDate "2012.??.??"]
[WhiteTeam "D. Streda B"]
[BlackTeam "Trnava B"]

1. e4 c5 2. Nf3 d6 3. d4 cxd4 4. Nxd4 Nf6 5. Nc3 a6 6. Be2 e5 7. Nb3 Be7 8. Be3
O-O 9. a4 Be6 10. O-O d5 11. exd5 Nxd5 12. Nxd5 Qxd5 13. Qxd5 Bxd5 14. Rfd1 Be4
15. Rd2 Nc6 16. f3 Bf5 17. c3 Rad8 18. Rad1 Rxd2 19. Rxd2 Rd8 1/2-1/2

[Event "SR 2. liga A 2012/2013"]
[Site "?"]
[Date "2013.02.16"]
[Round "48.7"]
[White "Stetina, Erik"]
[Black "Merva, Frantisek"]
[Result "0-1"]
[WhiteElo "2037"]
[BlackElo "2006"]
[PlyCount "54"]
[EventDate "2012.??.??"]
[WhiteTeam "Trnava B"]
[BlackTeam "D. Streda B"]

1. Nf3 d5 2. g3 c5 3. Bg2 Nc6 4. O-O e5 5. d3 Nf6 6. e4 Be7 7. exd5 Nxd5 8. Re1
f6 9. c3 O-O 10. d4 Nc7 11. dxe5 Qxd1 12. Rxd1 fxe5 13. Re1 Bd6 14. Nbd2 Bg4
15. h3 Be6 16. Ne4 Rad8 17. Bg5 Rd7 18. Nxd6 Rxd6 19. Nxe5 h6 20. Nxc6 hxg5 21.
Na5 Rd2 22. Nb3 Rxb2 23. Nxc5 Rfxf2 24. Bxb7 Bd5 25. Reb1 Rg2+ 26. Kf1 Bc4+ 27.
Ke1 Rg1# 0-1

[Event "SR 2. liga A 2012/2013"]
[Site "?"]
[Date "2013.02.16"]
[Round "48.8"]
[White "Ujhelyi, Matus"]
[Black "Puskar, Peter"]
[Result "0-1"]
[WhiteElo "1977"]
[BlackElo "2004"]
[PlyCount "90"]
[EventDate "2012.??.??"]
[WhiteTeam "D. Streda B"]
[BlackTeam "Trnava B"]

1. e4 c5 2. Nf3 d6 3. c4 Nc6 4. Nc3 g6 5. d4 cxd4 6. Nxd4 Bg7 7. Nxc6 bxc6 8.
Qc2 Nf6 9. Bd3 O-O 10. O-O Nd7 11. Re1 a5 12. Rb1 Nc5 13. Bf1 Qc7 14. Na4 Bd4
15. a3 f5 16. Nxc5 Bxc5 17. b4 axb4 18. axb4 Bd4 19. Bb2 c5 20. Bxd4 cxd4 21.
Bd3 e5 22. f4 Be6 23. exf5 gxf5 24. fxe5 dxe5 25. c5 Ra2 26. Rb2 Rxb2 27. Qxb2
Bd5 28. Qf2 Qg7 29. Rc1 Kh8 30. b5 e4 31. Bc4 e3 32. Qe2 Be4 33. Bd3 Rg8 34.
Rc2 Qe5 35. c6 f4 36. Kf1 Bxg2+ 37. Qxg2 Rxg2 38. Rxg2 f3 39. Rc2 e2+ 40. Bxe2
fxe2+ 41. Rxe2 Qxb5 42. c7 Qb1+ 43. Kf2 Qf5+ 44. Kg1 Qg5+ 45. Kf2 Qf4+ 0-1

[Event "SR 2. liga A 2012/2013"]
[Site "?"]
[Date "2013.02.17"]
[Round "49.1"]
[White "Cajka, Tibor"]
[Black "Janos, Martin"]
[Result "1-0"]
[WhiteElo "2170"]
[BlackElo "2230"]
[PlyCount "85"]
[EventDate "2012.??.??"]
[WhiteTeam "Osuske B"]
[BlackTeam "DP BA"]

1. e4 c5 2. Nf3 Nc6 3. d4 cxd4 4. Nxd4 e5 5. Nxc6 bxc6 6. Bc4 Nf6 7. Qe2 Be7 8.
Nc3 O-O 9. O-O d5 10. exd5 cxd5 11. Nxd5 Nxd5 12. Rd1 Be6 13. Bxd5 Bxd5 14.
Qxe5 Qc8 15. Rxd5 Bf6 16. Qf5 Re8 17. Be3 Bxb2 18. Rb1 Qxf5 19. Rxf5 Be5 20. c4
f6 21. Rf3 Rab8 22. Rb3 a5 23. g3 a4 24. Rxb8 Rxb8 25. Bf4 Rc8 26. Bxe5 fxe5
27. Rc3 Kf7 28. Kg2 Ke6 29. Kf3 Kd6 30. c5+ Rxc5 31. Rxc5 Kxc5 32. Ke4 Kb4 33.
Kxe5 Ka3 34. Kd4 Kxa2 35. Kc3 a3 36. Kc2 Ka1 37. f4 h5 38. h3 Ka2 39. f5 Ka1
40. Kb3 a2 41. Kc2 h4 42. gxh4 g5 43. h5 1-0

[Event "SR 2. liga A 2012/2013"]
[Site "?"]
[Date "2013.02.17"]
[Round "49.2"]
[White "Certek, Pavel"]
[Black "Bury, Rastislav"]
[Result "1-0"]
[WhiteElo "2315"]
[BlackElo "2099"]
[PlyCount "61"]
[EventDate "2012.??.??"]
[WhiteTeam "DP BA"]
[BlackTeam "Osuske B"]

1. d4 d5 2. c4 e6 3. Nc3 Nf6 4. Bg5 c6 5. e3 Be7 6. Nf3 Nbd7 7. Qc2 O-O 8. Rd1
Re8 9. Bd3 dxc4 10. Bxc4 Nd5 11. Bxe7 Qxe7 12. O-O Nxc3 13. Qxc3 c5 14. Bb5 a6
15. Bxd7 Bxd7 16. Qxc5 Qxc5 17. dxc5 Bb5 18. Rfe1 a5 19. Nd4 Bd7 20. Nf5 Ba4
21. Rd4 exf5 22. Rxa4 Rec8 23. Rc1 Ra6 24. Rc3 Kf8 25. Kf1 Ke7 26. Ke2 Kd7 27.
Kd3 Kc6 28. Rd4 Rc7 29. Rd6+ Kb5 30. a4+ Kb4 31. Rd4# 1-0

[Event "SR 2. liga A 2012/2013"]
[Site "?"]
[Date "2013.02.17"]
[Round "49.3"]
[White "Jozefek, Michal"]
[Black "Janos, Jozef"]
[Result "1-0"]
[WhiteElo "2060"]
[BlackElo "2152"]
[PlyCount "83"]
[EventDate "2012.??.??"]
[WhiteTeam "Osuske B"]
[BlackTeam "DP BA"]

1. d4 Nf6 2. c4 e6 3. Nc3 Bb4 4. Qc2 O-O 5. a3 Be7 6. e4 d6 7. f4 c5 8. dxc5
dxc5 9. Nf3 Nc6 10. e5 Ne8 11. Bd3 g6 12. Be3 Nd4 13. Bxd4 cxd4 14. Ne2 f6 15.
O-O a5 16. Kh1 Bc5 17. b3 Ng7 18. Qb2 Rf7 19. b4 Bf8 20. exf6 Qxf6 21. Ne5 Rc7
22. c5 Nf5 23. Bxf5 exf5 24. Nxd4 Bg7 25. Rad1 Be6 26. Nxe6 Qxe6 27. Rd6 Bxe5
28. fxe5 Qc4 29. Rc1 Qf4 30. Rcd1 Re8 31. e6 Rce7 32. Rd7 Qg5 33. h3 f4 34.
Rxe7 Qxe7 35. Rd7 Qf8 36. Rf7 Qh6 37. Qf6 f3 38. Qxf3 axb4 39. axb4 Qc1+ 40.
Kh2 Qb2 41. Qf4 Qa1 42. e7 1-0

[Event "SR 2. liga A 2012/2013"]
[Site "?"]
[Date "2013.02.17"]
[Round "49.4"]
[White "Tepper, Frantisek"]
[Black "Spacek, Oliver"]
[Result "0-1"]
[WhiteElo "2162"]
[BlackElo "1977"]
[PlyCount "60"]
[EventDate "2012.??.??"]
[WhiteTeam "DP BA"]
[BlackTeam "Osuske B"]

1. e4 g6 2. d4 Bg7 3. c4 Nc6 4. Be3 e5 5. Ne2 d6 6. d5 Nce7 7. Nbc3 f5 8. f3
Bh6 9. Bxh6 Nxh6 10. Qd2 Nf7 11. O-O-O O-O 12. h4 c5 13. f4 b5 14. fxe5 Nxe5
15. Nf4 b4 16. Nb1 fxe4 17. h5 g5 18. Ne6 Bxe6 19. Qxg5+ Kh8 20. dxe6 Nf5 21.
Qf4 Nd4 22. Qxe4 b3 23. a3 Qg5+ 24. Rd2 Rae8 25. Bd3 Qh6 26. Rf1 Nxe6 27. Rxf8+
Rxf8 28. Nc3 Rf2 29. Qa8+ Nf8 30. Ne4 Nxd3+ 0-1

[Event "SR 2. liga A 2012/2013"]
[Site "?"]
[Date "2013.02.17"]
[Round "49.6"]
[White "Mikulas, Dusan"]
[Black "Pericka, Tomas"]
[Result "0-1"]
[WhiteElo "2102"]
[BlackElo "2029"]
[PlyCount "80"]
[EventDate "2012.??.??"]
[WhiteTeam "DP BA"]
[BlackTeam "Osuske B"]

1. e4 c5 2. Nf3 Nc6 3. d4 cxd4 4. Nxd4 g6 5. Nc3 Bg7 6. Be3 Nf6 7. Nb3 O-O 8.
Be2 a6 9. O-O b5 10. f4 b4 11. Nd5 d6 12. Bf3 Nxd5 13. exd5 Na5 14. Bd4 Nxb3
15. axb3 Bf5 16. Bxg7 Kxg7 17. Qd4+ Kg8 18. Rf2 a5 19. g4 Bd7 20. f5 Qc7 21.
Be4 Rac8 22. Raf1 Qc5 23. Qd2 Kg7 24. Kh1 f6 25. h4 gxf5 26. Bxf5 Bxf5 27. gxf5
Rg8 28. Re2 Kh8 29. Rfe1 Rg4 30. Re4 Rcg8 31. Rxg4 Rxg4 32. Kh2 Rxh4+ 33. Kg3
Rh5 34. Kg4 Rg5+ 35. Kf4 Qc8 36. Re6 Qg8 37. Qe2 Rg2 38. Qh5 Rf2+ 39. Ke4 Qg2+
40. Kd4 Rd2+ 0-1

[Event "SR 2. liga A 2012/2013"]
[Site "?"]
[Date "2013.02.17"]
[Round "49.7"]
[White "Nemeckay, Rastislav"]
[Black "Kolman, Richard"]
[Result "1/2-1/2"]
[WhiteElo "1980"]
[BlackElo "2067"]
[PlyCount "55"]
[EventDate "2012.??.??"]
[WhiteTeam "Osuske B"]
[BlackTeam "DP BA"]

1. e4 c5 2. Nf3 e6 3. d4 cxd4 4. Nxd4 Nf6 5. Bd3 e5 6. Nb3 Be7 7. c4 Nc6 8. O-O
O-O 9. Be3 d6 10. f3 Be6 11. Nc3 Nd7 12. Qe2 Bg5 13. Nd5 b6 14. Rfd1 Nc5 15.
Bf2 Nxb3 16. axb3 Bxd5 17. exd5 Nd4 18. Bxd4 exd4 19. g3 Be3+ 20. Kg2 a5 21. f4
Re8 22. Qg4 Qe7 23. Re1 Ra7 24. Re2 Qf6 25. h4 Rae7 26. Qg5 h6 27. Qxf6 gxf6
28. Rae1 1/2-1/2

[Event "SR 2. liga A 2012/2013"]
[Site "?"]
[Date "2013.02.17"]
[Round "49.8"]
[White "Hecht, Tomas"]
[Black "Spacek, Marcel"]
[Result "0-1"]
[WhiteElo "1963"]
[BlackElo "1846"]
[PlyCount "110"]
[EventDate "2012.??.??"]
[WhiteTeam "DP BA"]
[BlackTeam "Osuske B"]

1. e4 c5 2. c3 d5 3. exd5 Qxd5 4. d4 Nf6 5. Nf3 e6 6. Be2 Nc6 7. O-O Be7 8. Be3
Ng4 9. Bf4 O-O 10. h3 Nf6 11. Ne5 Nxe5 12. Bxe5 Rd8 13. Bf3 Qc4 14. Nd2 Qb5 15.
Qc2 cxd4 16. cxd4 Bd7 17. Qb3 Nd5 18. Rfc1 Rac8 19. Qxb5 Bxb5 20. Ne4 b6 21.
Nc3 Nxc3 22. bxc3 Bg5 23. Rcb1 Ba4 24. Rb4 b5 25. Be2 a6 26. f4 Be7 27. Rb2 f6
28. d5 fxe5 29. Bg4 exd5 30. Be6+ Kh8 31. Bxc8 Rxc8 32. fxe5 Rxc3 33. Rd2 Bc5+
34. Kh1 d4 35. e6 b4 36. e7 Bxe7 37. Rxd4 Kg8 38. a3 Bc6 39. axb4 Rxh3+ 40. Kg1
Bf6 41. Rd8+ Bxd8 42. gxh3 Bb5 43. Kf2 Kf7 44. Kg3 Kg6 45. Rd1 Be7 46. Rd4 Bf6
47. Rd6 Kf5 48. Kf3 Be5 49. Rb6 g5 50. Rh6 Bc3 51. h4 g4+ 52. Kg3 Be1+ 53. Kg2
Bxb4 54. Rxh7 Bc6+ 55. Kf1 g3 0-1

[Event "SR 2. liga A 2012/2013"]
[Site "?"]
[Date "2013.02.17"]
[Round "50.1"]
[White "Federic, Jozef"]
[Black "Rohacek, Miroslav"]
[Result "1-0"]
[WhiteElo "2299"]
[BlackElo "2308"]
[PlyCount "61"]
[EventDate "2012.??.??"]
[WhiteTeam "Modra B"]
[BlackTeam "KSN"]

1. d4 d5 2. c4 c6 3. Nf3 Nf6 4. Nc3 a6 5. c5 Nbd7 6. Bf4 Nh5 7. Bd2 Nhf6 8. e3
g6 9. Rc1 Bg7 10. Bd3 Qc7 11. h3 O-O 12. O-O Ne8 13. e4 dxe4 14. Nxe4 Nef6 15.
Nc3 Nh5 16. Bg5 Re8 17. Re1 Ndf6 18. Bc4 e6 19. Qd2 Nd7 20. Ne4 Bf8 21. g4 Ng7
22. Ne5 f5 23. Nxd7 Bxd7 24. Nf6+ Kh8 25. Bf4 Qd8 26. Be5 Be7 27. Nxe8 Bxe8 28.
Bxe6 fxg4 29. hxg4 Bf6 30. Qf4 Be7 31. g5 1-0

[Event "SR 2. liga A 2012/2013"]
[Site "?"]
[Date "2013.02.17"]
[Round "50.2"]
[White "Kovac, Andrej"]
[Black "Banas, Kamil"]
[Result "0-1"]
[WhiteElo "2148"]
[BlackElo "2228"]
[PlyCount "104"]
[EventDate "2012.??.??"]
[WhiteTeam "KSN"]
[BlackTeam "Modra B"]

1. d4 d5 2. c4 e6 3. Nc3 c6 4. cxd5 exd5 5. Bf4 Bd6 6. Bxd6 Qxd6 7. e3 Bf5 8.
Nf3 Nd7 9. Be2 Ngf6 10. O-O O-O 11. Nh4 Be6 12. Qc2 Nb6 13. b3 Rae8 14. Rac1
Nc8 15. Bd3 Qd8 16. Nf5 Bxf5 17. Bxf5 Nd6 18. Bd3 g6 19. Rce1 Kg7 20. f3 Ng8
21. Na4 f5 22. Nc5 Re7 23. Re2 Rfe8 24. Rfe1 Nf6 25. Kh1 Qa5 26. Qb2 Rxe3 27.
b4 Rxe2 28. Rxe2 Qb6 29. Rxe8 Ndxe8 30. Qe2 Qxb4 31. g4 fxg4 32. fxg4 Kf7 33.
Qe6+ Kf8 34. Qe3 b6 35. Ne6+ Kg8 36. g5 Ne4 37. Bxe4 dxe4 38. Qxe4 Qd6 39. Nf4
Nc7 40. h4 Kf7 41. h5 Nd5 42. Nd3 Ne7 43. Ne5+ Ke8 44. Ng4 Kd8 45. h6 Nf5 46.
Qe5 Qxe5 47. Nxe5 Kc7 48. Nxg6 Ng3+ 49. Kg2 Ne4 50. Nf8 Nxg5 51. Kg3 Kd6 52.
Kf4 Ne6+ 0-1

[Event "SR 2. liga A 2012/2013"]
[Site "?"]
[Date "2013.02.17"]
[Round "50.3"]
[White "Mydlarik, Martin"]
[Black "Kimerling, Martin"]
[Result "1-0"]
[WhiteElo "2114"]
[BlackElo "2027"]
[PlyCount "49"]
[EventDate "2012.??.??"]
[WhiteTeam "Modra B"]
[BlackTeam "KSN"]

1. d4 Nf6 2. c4 g6 3. Nc3 Bg7 4. e4 d6 5. f4 O-O 6. Nf3 Na6 7. Be2 e5 8. dxe5
dxe5 9. Qxd8 Rxd8 10. Nxe5 Re8 11. O-O Nxe4 12. Nxe4 f6 13. Nxf6+ Bxf6 14. Bf3
Nc5 15. Bd2 Bf5 16. b4 Nd3 17. Bxb7 Rab8 18. Bd5+ Kg7 19. g4 Nxe5 20. fxe5 Bxe5
21. gxf5 Bxa1 22. Rxa1 gxf5 23. Bc3+ Kg6 24. Kf2 Rb6 25. Rg1+ 1-0

[Event "SR 2. liga A 2012/2013"]
[Site "?"]
[Date "2013.02.17"]
[Round "50.4"]
[White "Sebo, Viktor"]
[Black "Kundrak, Vladimir"]
[Result "1-0"]
[WhiteElo "2073"]
[BlackElo "1964"]
[PlyCount "33"]
[EventDate "2012.??.??"]
[WhiteTeam "KSN"]
[BlackTeam "Modra B"]

1. e4 d5 2. exd5 Nf6 3. Nc3 Nxd5 4. Nxd5 Qxd5 5. d4 Nc6 6. Nf3 Bg4 7. c4 Qh5 8.
Be2 O-O-O 9. O-O e5 10. h3 Bxf3 11. Bxf3 Qg6 12. Bh5 Qe4 13. d5 f5 14. Qa4 Nb8
15. Bg5 Bc5 16. Bf3 Qd4 17. Be3 1-0

[Event "SR 2. liga A 2012/2013"]
[Site "?"]
[Date "2013.02.17"]
[Round "50.5"]
[White "Karlik, Lukas"]
[Black "Padysak, Tomas"]
[Result "1/2-1/2"]
[WhiteElo "1947"]
[BlackElo "2035"]
[PlyCount "99"]
[EventDate "2012.??.??"]
[WhiteTeam "Modra B"]
[BlackTeam "KSN"]

1. d4 d5 2. Nf3 Nf6 3. g3 c6 4. Bg2 Bf5 5. Nbd2 e6 6. Nh4 Bg6 7. Nxg6 hxg6 8.
e4 Be7 9. O-O O-O 10. c4 Nbd7 11. e5 Ne8 12. f4 dxc4 13. Nxc4 Nb6 14. Na5 Qd7
15. Be3 Bb4 16. Nb3 Nc7 17. h4 Nc4 18. Bc1 Rfd8 19. Qe2 Na5 20. Nc5 Qxd4+ 21.
Be3 Qc4 22. Qf2 Bxc5 23. Bxc5 b6 24. Bd6 Nd5 25. Rfc1 Qa6 26. b4 Nc4 27. Bf1 b5
28. a4 Nxd6 29. axb5 Qb6 30. Qxb6 axb6 31. Rxa8 Rxa8 32. exd6 cxb5 33. d7 Ne7
34. Bxb5 Kf8 35. Rc7 Rd8 36. Bc4 Nd5 37. Bxd5 exd5 38. Rb7 Ke7 39. Rxb6 Kxd7
40. Kf2 Ra8 41. Rb7+ Ke6 42. g4 Ra3 43. Rb6+ Kd7 44. Rb7+ Ke6 45. b5 Rh3 46.
Rb6+ Kd7 47. Ra6 Rxh4 48. Ra7+ Ke6 49. Kg3 Rh1 50. Ra6+ 1/2-1/2

[Event "SR 2. liga A 2012/2013"]
[Site "?"]
[Date "2013.02.17"]
[Round "50.6"]
[White "Vrtiakova, Anna"]
[Black "Soldan, Jan"]
[Result "1-0"]
[WhiteElo "1699"]
[BlackElo "1837"]
[PlyCount "173"]
[EventDate "2012.??.??"]
[WhiteTeam "KSN"]
[BlackTeam "Modra B"]

1. e4 c5 2. Nf3 d6 3. Bb5+ Bd7 4. Bxd7+ Nxd7 5. O-O Ngf6 6. Qe2 e5 7. c4 Be7 8.
Nc3 O-O 9. d3 a6 10. h3 Nb6 11. Be3 Nfd7 12. Nd2 f5 13. f4 fxe4 14. Ndxe4 exf4
15. Bxf4 Ne5 16. Nxc5 dxc5 17. Bxe5 Qd7 18. Rxf8+ Bxf8 19. Qf3 Re8 20. Re1 Bd6
21. Bg3 Rxe1+ 22. Bxe1 Be5 23. Kf1 Bd4 24. b3 Qe7 25. Ne4 Nd7 26. Bf2 Ne5 27.
Qe2 Qf8 28. Ke1 Bxf2+ 29. Nxf2 Nc6 30. Ne4 Nd4 31. Qf2 Qe7 32. Kd2 h6 33. Qf4
a5 34. Qd6 Qxd6 35. Nxd6 b6 36. Nc8 b5 37. Nd6 b4 38. Nb7 Ne6 39. Ke3 Kf7 40.
Nd6+ Ke7 41. Nb5 Nd8 42. d4 cxd4+ 43. Nxd4 Nb7 44. Ne2 Kd6 45. Kd4 Nc5 46. Ng3
Ne6+ 47. Ke3 Ke5 48. Ne2 Nc5 49. Nd4 Nb7 50. Nf3+ Kd6 51. Kd4 Nc5 52. g3 a4 53.
Nd2 axb3 54. axb3 Ne6+ 55. Ke3 Ke5 56. Nf3+ Kd6 57. Nd4 Nc5 58. g4 g6 59. h4
Na6 60. Kf4 Nc5 61. h5 g5+ 62. Ke3 Kc7 63. Nc2 Nxb3 64. Nxb4 Kd6 65. Nd5 Kc5
66. Nf6 Kxc4 67. Ng8 Nc5 68. Nxh6 Kd5 69. Nf7 Ke6 70. Nxg5+ Ke7 71. Kf4 Kf8 72.
Kf5 Nd3 73. Ne6+ Kg8 74. g5 Nb4 75. g6 Nd5 76. Ke5 Ne7 77. Nf4 Kg7 78. Ke6 Ng8
79. Kf5 Kh6 80. Ke6 Kg7 81. Ke5 Kh6 82. Kf5 Kg7 83. Kg5 Kh8 84. Ne6 Ne7 85. h6
Ng8 86. Nd8 Ne7 87. Nf7+ 1-0

[Event "SR 2. liga A 2012/2013"]
[Site "?"]
[Date "2013.02.17"]
[Round "50.7"]
[White "Hlubovic, Michal"]
[Black "Sahidi, Samir"]
[Result "1-0"]
[WhiteElo "1834"]
[BlackElo "1674"]
[PlyCount "109"]
[EventDate "2012.??.??"]
[WhiteTeam "Modra B"]
[BlackTeam "KSN"]

1. f4 d5 2. Nf3 Nf6 3. b3 Bf5 4. Bb2 e6 5. e3 Bd6 6. Be2 O-O 7. O-O c6 8. d3
Ng4 9. Qd2 Qb6 10. d4 Nf6 11. Nc3 Nbd7 12. a3 Qc7 13. Ne5 a6 14. Bd3 g6 15. h3
h5 16. Qe2 Bxd3 17. cxd3 Be7 18. g4 hxg4 19. hxg4 Kg7 20. Qg2 Bd6 21. Ne2 Nh7
22. g5 Rh8 23. Kf2 Rag8 24. Rh1 Nhf8 25. Ng4 Rxh1 26. Rxh1 Rh8 27. Rxh8 Kxh8
28. Qh2+ Kg8 29. e4 Nh7 30. Nh6+ Kg7 31. e5 Be7 32. Nxf7 Ndf8 33. Nh6 Qd8 34.
Bc1 Qc7 35. Ng4 Qd8 36. Qh6+ Kg8 37. Nf6+ Bxf6 38. gxf6 Qd7 39. a4 Qf7 40. Ba3
Nd7 41. Ng1 Nb8 42. Nf3 Nd7 43. Nh4 Nhf8 44. Nf3 Qh7 45. Qxh7+ Nxh7 46. Kg3 Kf7
47. Kg4 b6 48. Bd6 Ke8 49. b4 Kf7 50. Be7 b5 51. a5 Ndf8 52. Nd2 Nd7 53. Nf3
Ndf8 54. Kh4 Kg8 55. Ng5 1-0

[Event "SR 2. liga A 2012/2013"]
[Site "?"]
[Date "2013.02.17"]
[Round "50.8"]
[White "Macko, Peter"]
[Black "Horvath, Marek"]
[Result "0-1"]
[WhiteElo "1681"]
[BlackElo "1830"]
[PlyCount "64"]
[EventDate "2012.??.??"]
[WhiteTeam "KSN"]
[BlackTeam "Modra B"]

1. e4 b6 2. d4 Bb7 3. Bd3 Nf6 4. Qe2 e6 5. Nf3 Be7 6. c4 d6 7. O-O O-O 8. Nc3
c5 9. e5 dxe5 10. dxe5 Nfd7 11. Rd1 Qc7 12. Bf4 a6 13. Rd2 Rd8 14. Rad1 Nf8 15.
Ne4 Ng6 16. Bg3 Nd7 17. Nd6 Bc6 18. Be4 Ndf8 19. Bxc6 Qxc6 20. Qe3 Rd7 21. Ng5
Bxd6 22. Rxd6 Rxd6 23. exd6 Rd8 24. Qe4 Qa4 25. Rd2 Qxa2 26. Kf1 Rd7 27. Ke2
Qb3 28. Qg4 b5 29. cxb5 axb5 30. Ne4 Qc4+ 31. Ke3 f5 32. Qf4 Nxf4 0-1

[Event "SR 2. liga A 2012/2013"]
[Site "?"]
[Date "2013.02.17"]
[Round "51.1"]
[White "Zatko, Gregor"]
[Black "Janko, Michal"]
[Result "0-1"]
[WhiteElo "2148"]
[BlackElo "2294"]
[PlyCount "48"]
[EventDate "2012.??.??"]
[WhiteTeam "DNV B"]
[BlackTeam "Gabcikovo"]

1. Nf3 f5 2. d3 Nf6 3. e4 e6 4. Nc3 d5 5. e5 Nfd7 6. Bg5 Be7 7. Bxe7 Qxe7 8. d4
a6 9. h3 c5 10. g4 O-O 11. Bd3 cxd4 12. Nxd4 Nxe5 13. gxf5 exf5 14. Kf1 Qd6 15.
Qh5 Nxd3 16. cxd3 Nc6 17. Nxc6 bxc6 18. Re1 Qf6 19. Rg1 Rb8 20. Re2 f4 21. d4
a5 22. Re5 Rxb2 23. Reg5 Ba6+ 24. Ke1 Rb7 0-1

[Event "SR 2. liga A 2012/2013"]
[Site "?"]
[Date "2013.02.17"]
[Round "51.3"]
[White "Szollos, Ondrej"]
[Black "Janko, Ladislav"]
[Result "0-1"]
[WhiteElo "1979"]
[BlackElo "2212"]
[PlyCount "70"]
[EventDate "2012.??.??"]
[WhiteTeam "DNV B"]
[BlackTeam "Gabcikovo"]

1. Nf3 g6 2. e3 Bg7 3. Be2 c5 4. O-O Nf6 5. c4 O-O 6. Nc3 d5 7. cxd5 Nxd5 8.
Nxd5 Qxd5 9. d4 Nc6 10. Qa4 cxd4 11. Rd1 e5 12. exd4 exd4 13. Ng5 Qa5 14. Qb3
Qb4 15. Qg3 Bf5 16. a3 Qe7 17. Bc4 Ne5 18. Ba2 Bc2 19. Re1 Qc5 20. Bf4 Rae8 21.
Bd2 a5 22. Rac1 d3 23. Ne4 Qc6 24. Qf4 Nd7 25. Nc3 Nf6 26. h3 b5 27. Rxe8 Rxe8
28. Re1 Rxe1+ 29. Bxe1 Qb7 30. Qd6 h5 31. Qd8+ Kh7 32. Qxa5 b4 33. axb4 Bh6 34.
Nd5 Nxd5 35. Bxd5 Qd7 {Biely cas} 0-1

[Event "SR 2. liga A 2012/2013"]
[Site "?"]
[Date "2013.02.17"]
[Round "51.4"]
[White "Dvorsky, Jozef"]
[Black "Jurcak, Marian"]
[Result "1-0"]
[WhiteElo "2020"]
[BlackElo "1872"]
[PlyCount "109"]
[EventDate "2012.??.??"]
[WhiteTeam "Gabcikovo"]
[BlackTeam "DNV B"]

1. e4 c5 2. Nf3 Nf6 3. e5 Nd5 4. d4 cxd4 5. Qxd4 e6 6. c3 b6 7. Bb5 Qc7 8. a3
Nc6 9. Qe4 Bb7 10. O-O Na5 11. Qe2 Nb3 12. Ra2 Nxc1 13. Rxc1 a6 14. Bd3 Nf4 15.
Qe3 Nxd3 16. Qxd3 g6 17. Nbd2 Bh6 18. Re1 O-O 19. Ne4 Bxe4 20. Rxe4 Rfd8 21.
Rd4 Bg7 22. Ra1 f6 23. Rd1 fxe5 24. Rxd7 Rxd7 25. Qxd7 Qxd7 26. Rxd7 Bf6 27.
Rd6 e4 28. Nd4 Kf7 29. Rxb6 Ra7 30. Nxe6 Rd7 31. Kf1 a5 32. Ke2 a4 33. Nc5 Re7
34. Rb4 e3 35. fxe3 Bg5 36. e4 Bf4 37. Rxa4 Bxh2 38. Kf3 Bd6 39. Nd3 Rb7 40. e5
Be7 41. Ke4 h5 42. c4 g5 43. c5 Bxc5 44. Nxc5 Rxb2 45. Ra7+ Kg6 46. Ra6+ Kg7
47. Ne6+ Kh6 48. Nf4+ Kh7 49. Nxh5 Rxg2 50. Kf5 g4 51. Nf6+ Kg7 52. Ra7+ Kf8
53. Nxg4 Rg1 54. Nf6 Rf1+ 55. Ke6 1-0